The role of the practicum in shaping preservice teachers' beliefs /
Saved in:
| 主要作者: | |
|---|---|
| 格式: | Thesis 圖書 |
| 語言: | English |
| 出版: |
1997.
|
| 主題: | |
| 標簽: |
添加標簽
沒有標簽, 成為第一個標記此記錄!
|
| LEADER | 01247cam a2200301 a 4500 | ||
|---|---|---|---|
| 001 | u414513 | ||
| 003 | SIRSI | ||
| 008 | 850208s1997 my mt 00 1 eng m | ||
| 035 | |a ACD-6661 | ||
| 040 | |a UMM | ||
| 043 | |a a-my--- | ||
| 090 | |a LB2157 |b M4Ong | ||
| 091 | |a Microfiche 13423. | ||
| 100 | 1 | 0 | |a Ong, Puay Cheng. |
| 245 | 1 | 4 | |a The role of the practicum in shaping preservice teachers' beliefs / |c Ong Puay Cheng. |
| 260 | |c 1997. | ||
| 300 | |a ix, 122 leaves : |b ill. ; |c 29cm. | ||
| 500 | |a Microfiche. Kuala Lumpur : University of Malaya Library, 1998. 2 fiches : negative ; 11 x 15 cm. | ||
| 502 | |a Dissertation (M.Ed.) - Fakulti Pendidikan, Universiti Malaya, 1997. | ||
| 504 | |a Includes bibliographical references. | ||
| 650 | 0 | |a English teachers |z Malaysia |x Attitudes | |
| 650 | 0 | |a Student teachers |x Rating of |z Malaysia. | |
| 650 | 0 | |a English teachers |x Training of |z Malaysia | |
| 710 | 2 | 0 | |a Universiti Malaya. |b Fakulti Pendidikan. |
| 948 | |a 12/08/1997 |b 25/11/2000 | ||
| 596 | |a 1 8 | ||
| 999 | |a LB2157 M4ONG |w LC |c 1 |i A507342076 |d 30/4/2015 |e 30/4/2015 |l STACKS |m P01UTAMA |n 6 |r Y |s Y |t TESIS |u 22/10/1997 | ||
| 999 | |a LB2157 M4ONG |w LC |c 1 |i A506701402 |l STACKS |m P08PENDIDI |r Y |s Y |t TESIS |u 10/11/1997 |o .STAFF. Thesis di simpan dalam bilik thesis (Blok D) | ||
